Southville International School and Colleges
Your cart is empty.
  • Cart
  • Lists
    Public lists Eva Luna New books Lux_list list_1
    Your lists Log in to create your own lists
  • Log in to your account
  • Your cookies
  • Search history
Southville International School and Colleges
  • Advanced search
  • Recent comments
  • Most popular
  • Libraries

Log in to your account

Log in with GOOGLE


If you do not have an external account, but do have a local account, you can still log in:

  1. Home
  2. MARC view: The media kit :
Normal view MARC view ISBD view

The media kit : (Record no. 23514)

[ view plain ]
MARC details
000 -LEADER
fixed length control field 00747nam a2200253 a 4500
005 - DATE AND TIME OF LATEST TRANSACTION
control field 20140311161032.0
008 - FIXED-LENGTH DATA ELEMENTS--GENERAL INFORMATION
fixed length control field 100327s19uu xx 00 eng d
020 ## - INTERNATIONAL STANDARD BOOK NUMBER
International Standard Book Number 9789712720130
050 ## - LIBRARY OF CONGRESS CALL NUMBER
Classification number PN 1992.94
Item number .C355Vpp 2008
100 ## - MAIN ENTRY--PERSONAL NAME
Personal name Casul, Melanie
245 ## - TITLE STATEMENT
Title The media kit :
Remainder of title a frame-by frame guide to visual production /
Statement of responsibility, etc Melanie Casul, Jag Garcia, Michael Kholim.
260 ## - PUBLICATION, DISTRIBUTION, ETC. (IMPRINT)
Place of publication, distribution, etc Pasig City :
Name of publisher, distributor, etc Anvil Publsihing, Inc,
Date of publication, distribution, etc 2008.
300 ## - PHYSICAL DESCRIPTION
Extent 270 p. :
Other physical details ill. ;
Dimensions 23 cm.
521 ## - TARGET AUDIENCE NOTE
Target audience note
650 ## - SUBJECT ADDED ENTRY--TOPICAL TERM
Topical term or geographic name as entry element Visual Producion.
650 ## - SUBJECT ADDED ENTRY--TOPICAL TERM
Topical term or geographic name as entry element Video production.
650 ## - SUBJECT ADDED ENTRY--TOPICAL TERM
Topical term or geographic name as entry element Post production.
650 ## - SUBJECT ADDED ENTRY--TOPICAL TERM
Topical term or geographic name as entry element Media kit.
700 ## - ADDED ENTRY--PERSONAL NAME
Personal name Garcia, Jag
700 ## - ADDED ENTRY--PERSONAL NAME
Personal name Kholim, Michael
942 ## - ADDED ENTRY ELEMENTS (KOHA)
Koha item type Books
Source of classification or shelving scheme Library of Congress Classification
Call number prefix Local
Holdings
Withdrawn status Lost status Source of classification or shelving scheme Damaged status Home library Current library Shelving location Date acquired Total Checkouts Total Renewals Full call number Barcode Date last seen Date checked out Copy number Price effective from Koha item type
    Library of Congress Classification   College Library College Library General Circulation Section 11/04/2013 1 1 PN 1992.94 .C355Vpp 2008 C10389 05/15/2018 06/18/2014 2 11/04/2013 Books

The media kit :

APA

Casul M., Garcia J. & Kholim M. (2008). The media kit. Pasig City: Anvil Publsihing, Inc.

Chicago

Casul Melanie, Garcia Jag and Kholim Michael. 2008. The media kit. Pasig City: Anvil Publsihing, Inc.

Harvard

Casul M., Garcia J. and Kholim M. (2008). The media kit. Pasig City: Anvil Publsihing, Inc.

MLA

Casul Melanie, Garcia Jag and Kholim Michael. The media kit. Pasig City: Anvil Publsihing, Inc. 2008.

  • Place hold
  • Print
  • Cite
  • Add to your cart (remove)
  • Save record
    BIBTEX Dublin Core MARCXML MARC (non-Unicode/MARC-8) MARC (Unicode/UTF-8) MARC (Unicode/UTF-8, Standard) MODS (XML) RIS
  • More searches
    Search for this title in:
    Other Libraries (WorldCat) Other Databases (Google Scholar) Online Stores (Bookfinder.com) Open Library (openlibrary.org)

Exporting to Dublin Core...

SOUTHVILLE LIBRARY

Southville International School and Colleges Library

1281 Tropical Ave. Cor. Luxembourg St., BF Homes International, Las Pinas City

Tel. No. 8256374 / 252358 Loc. 117/146

Powered by Koha